000 01431cam a22004217a 4500
003 CHAP
005 20220817042602.0
008 971013s1976 r 00010 d
010 _a48881
011 _a49853
035 _a54003
040 _cCHAP
090 _aFolleto 12042
100 0 0 _aPerrin, Richard K.
_987264
245 0 _aFrom agronomic data for farmer recommendations
_b: an economics training manual
260 _aMéxico, D.F. :
_bCIMMYT,
_c1976
300 _a51 p.
410 _aCIMMYT
490 0 _aFolleto de información
_v; 27
590 _aBATCH-UPD
_b10
_c20130110
_lUCH01
_h0111
590 _aBATCH-UPD
_b10
_c20130110
_lUCH01
_h1652
590 _aBATCH-UPD
_b10
_c20130410
_lUCH01
_h1041
590 _aBATCH-UPD
_b10
_c20130914
_lUCH01
_h0331
590 _aBATCH-UPD
_b10
_c20130914
_lUCH01
_h2032
590 _aCONVERSION
_b10
_c20130109
_lUCH01
_h1327
650 1 4 _aAgricultura
_xAspectos económicos.
650 1 4 _aAgricultura
_xExperimentación.
_91476
650 1 4 _aPolítica agrícola.
_990283
700 0 _aMoscardi C., Edgardo Rubén.
_978994
700 0 _aWinkelmann, Donald L.
_9122276
710 0 _aCentro Internacional de Mejoramiento de Maíz y Trigo.
810 _aCIMMYT
_923309
830 0 _aFolleto de información
_v; 27
901 _aBK
942 _cFOLL
949 _aFolleto 12042
_bBC
_cFOLL
_d-119388
_eTS1
_i54003
_si
949 _aFolleto 12042
_bBC
_cFOLL
_d-119389
_eTS2
_fc.2
_i54003
_si
999 _c48881
_d48881